Villes de Lorraine - Click Quiz - Statistiques

Statistiques générales
  • Ce quiz a été pris 426 fois
  • Le résultat moyen est 14 sur 20
Statistiques - réponses
Hint Réponse % Correct
Gerardmer Vosges
88%
Verdun Meuse
83%
Forbach Moselle
81%
Vittel Vosges
81%
Thionville Moselle
80%
Sarreguemines Moselle
80%
Toul Meurthe-et-Moselle
78%
Lunéville Meurthe-et-Moselle
78%
Pont-à-Mousson Meurthe-et-Moselle
77%
Bitche Moselle
77%
Remiremont Vosges
72%
Saint-Avold Moselle
69%
Raon-l'Etape Vosges
67%
Commercy Meuse
66%
Ligny-en-Barrois Meuse
65%
Saint-Mihiel Meuse
62%
Longwy Meurthe-et-Moselle
60%
Mirecourt Vosges
57%
Villerupt Meurthe-et-Moselle
51%
Vaucouleurs Meuse
45%
Aucun quiz correspondant
Distribution des résultats
% des personnes avec chaque résultat
Percentile par nombre de réponses
Votre historique - résultats
Vous n’avez pas pris ce quiz